000 01401nam a2200325 a 4500
001 ebr10048183
003 CaPaEBR
006 m u
007 cr cn|||||||||
008 991101s2000 moua sb s001 0ceng
010 _z 99057338
020 _z0826212719 (alk. paper)
040 _aCaPaEBR
_cCaPaEBR
035 _a(OCoLC)614663801
050 1 4 _aHD8039.C662
_bU65 2000eb
082 0 4 _a331.6/9960730791/09041
_221
100 1 _aLeSeur, Geta J.
245 1 0 _aNot all Okies are white
_h[electronic resource] :
_bthe lives of Black cotton pickers in Arizona /
_cGeta LeSeur.
260 _aColumbia, Mo. :
_bUniversity of Missouri Press,
_cc2000.
300 _axv, 247 p. :
_bill.
504 _aIncludes bibliographical references (p. 237-242) and index.
533 _aElectronic reproduction.
_bPalo Alto, Calif. :
_cebrary,
_d2013.
_nAvailable via World Wide Web.
_nAccess may be limited to ebrary affiliated libraries.
650 0 _aCotton farmers
_zArizona
_vInterviews.
650 0 _aCotton farmers
_zArizona
_vBiography.
650 0 _aAfrican American agricultural laborers
_zArizona
_vInterviews.
650 0 _aAfrican American agricultural laborers
_zArizona
_vBiography.
655 7 _aElectronic books.
_2local
710 2 _aebrary, Inc.
856 4 0 _uhttp://site.ebrary.com/lib/rucke/Doc?id=10048183
_zAn electronic book accessible through the World Wide Web; click to view
999 _c180602
_d180602